000 00776pab a2200181 454500
008 180718b2009 xxu||||| |||| 00| 0 eng d
100 _aMehrotra, Santosh
245 _aHow to identify the poor? A proposal
260 _c2009
300 _ap.37-44.
362 _a9 May
520 _aThe Census of 2002 to identify the poor in rural areas of India was the third in a quinquennial series. However, it has been appropriately criticised. This paper elaborates on the criticisms, and proposes an alternative set of criteria and methodology for conducting the next (now overdue) census of the rural population to identify the poor. - Reproduced.
650 _aPoverty
700 _aMander, Harsh
773 _aEconomic and Political Weekly
908 _aN
909 _a82181
999 _c82181
_d82181